Industrial relations in India : (Record no. 83018)
[ view plain ]
| 000 -LEADER | |
|---|---|
| fixed length control field | 00623nam a22001817a 4500 |
| 010 ## - LCCN (DPL NO) | |
| LC control number | ENG-109553 |
| 020 ## - INTERNATIONAL STANDARD BOOK NUMBER | |
| Terms of availability | 1025.00 |
| International Standard Book Number | 9781259058530 |
| 035 ## - SYSTEM CONTROL NUMBER | |
| System control number | EN-93086 |
| 037 ## - SOURCE OF ACQUISITION | |
| Source of stock number/acquisition | DBAD/PUB |
| 082 ## - DEWEY DECIMAL CLASSIFICATION NUMBER | |
| Classification number | 331.0954 |
| 100 ## - MAIN ENTRY--PERSONAL NAME | |
| Personal name | Ravindranath, E.I. |
| Dates associated with a name | 1952- |
| Fuller form of name | (Ebenezer Israel) |
| 245 00 - TITLE STATEMENT | |
| Title | Industrial relations in India : |
| Statement of responsibility, etc | by E.I. Ravindranath |
| Remainder of title | a practitioner's handbook / |
| 260 ## - PUBLICATION, DISTRIBUTION, ETC. (IMPRINT) | |
| Place of publication, distribution, etc | New Delhi |
| Name of publisher, distributor, etc | McGraw Hill Education |
| Date of publication, distribution, etc | 2013 |
| 270 ## - ADDRESS | |
| Address | P-24, Green Park Extn. |
| City | New Delhi |
| Postal code | 110016 |
| 300 ## - PHYSICAL DESCRIPTION | |
| Extent | xxiii,354p. : |
| Dimensions | 24cm(Hb) |
| Other physical details | ill. |
| 650 ## - SUBJECT ADDED ENTRY--TOPICAL TERM | |
| Topical term or geographic name as entry element | Industrial relations |
| Geographic subdivision | India. |
| 942 ## - ADDED ENTRY ELEMENTS (KOHA) | |
| Source of classification or shelving scheme | Dewey Decimal Classification |
| Item type | English Books |
| Call number suffix | RAV |
| Classification part | 331.0954 |
| Withdrawn status | Lost status | Not for loan | Collection code | Home library | Current library | Date acquired | Source of acquisition | Cost, normal purchase price | Full call number | Barcode | Copy number | Cost, replacement price | Koha item type |
|---|---|---|---|---|---|---|---|---|---|---|---|---|---|
| Not For Loan | Non-fiction | D.B.Act.Division | D.B.Act.Division | 14/03/2014 | DBAD/PUB | 1025.00 | 331.0954 RAV | EN-93086 | 1 | 1025.00 | English Books |
